000 01371cam a22003617a 4500
003 CHAP
005 20220329141907.0
008 980423d1995 co r 00110 spa d
010 _a75387
011 _a76359
020 _a9586003388
035 _a85942
040 _cCHAP
082 0 4 _a332.67
_bS3 1995
100 0 0 _aSapag Chain, Nassir.
_9102589
245 1 0 _aPreparación y evaluación de proyectos
_c/por Nassir Sapag Chain y Reinaldo Sapag Chain
250 _a3 ed.
260 _aMéxico, D. F. :
_bMcGraw-Hill,
_c1995.
300 _a404. :
_bcuadros .; gráfs.
590 _aBATCH-UPD
_b10
_c20130110
_lUCH01
_h1257
590 _aBATCH-UPD
_b10
_c20130410
_lUCH01
_h0816
590 _aBATCH-UPD
_b10
_c20130914
_lUCH01
_h1944
590 _aCONVERSION
_b10
_c20130109
_lUCH01
_h1341
650 1 4 _aProyectos
_xEvaluación.
_992525
700 0 _aSapag Chain, Reinaldo.
_9102590
901 _aBK
905 _aLilia Sánchez G.
942 _cLIBRO
949 _a332.67 S3 1995
_bBC
_cLIBRO
_d33724000594362
_eLIBRO
_gI. 191457
_h93153
_i85942
_si
_t$107.00
949 _a332.67 S3 1995
_bBC
_cLIBRO
_d33724000594370
_eLIBRO
_fc.2
_gI. 191458
_h93154
_i85942
_si
_t$107.00
949 _a332.67 S3 1995
_bBC
_cLIBRO
_d33724000680740
_eLIBRO
_fc.4
_gI.194446
_h94169
_i85942
_si
_t$160.00
949 _a332.67 S3 1995
_bBC
_cLIBRO
_d33724000720389
_eLIBRO
_fc.3
_h6472
_i85942
_msust. a 338.9 L48Y
_si
999 _c75387
_d75387